000 00672nam a2200277Ia 4500
005 20260324141510.0
008 008 260324s9999 xx 000 0 eng d
020 _a9781315037639
037 _aEBOOK
040 _aCRL
040 _beng
040 _cCRL
041 _2eng
041 _aeng
084 _qCRL
100 _aPeter H. Merkl; Leonard Weinberg
_91208418
245 4 _aThe Revival of Right Wing Extremism in the Nineties
260 _bTaylor and Francis
260 _c1997
365 _a
365 _b150
856 _uhttp://www.taylorfrancis.com/books/9781315037639
942 _cEBOOK
999 _c1811573
_d1811573